LEADER 04883nam 2200661 450 001 9910810575403321 005 20200520144314.0 010 $a3-03821-667-4 010 $a3-03821-178-8 024 7 $a10.1515/9783038211785 035 $a(CKB)3460000000133023 035 $a(EBL)1433430 035 $a(SSID)ssj0001432118 035 $a(PQKBManifestationID)11818391 035 $a(PQKBTitleCode)TC0001432118 035 $a(PQKBWorkID)11408132 035 $a(PQKB)11100613 035 $a(MiAaPQ)EBC1433430 035 $a(DE-B1597)246527 035 $a(OCoLC)885338080 035 $a(OCoLC)953295004 035 $a(DE-B1597)9783038211785 035 $a(Au-PeEL)EBL1433430 035 $a(CaPaEBR)ebr11006322 035 $a(CaONFJC)MIL808871 035 $a(PPN)25470123X 035 $a(EXLCZ)993460000000133023 100 $a20141103h20142014 uy| 0 101 0 $aeng 135 $aur|n|---||||| 181 $ctxt 182 $cc 183 $acr 200 10$aArchitectural atmospheres $eon the experience and politics of architecture /$fwith texts by Gernot Bo?hme [and three others] ; Christian Borch (ed.) 210 1$aBasel :$cBirkha?user,$d[2014] 210 4$d©2014 215 $a1 online resource (112 p.) 300 $aDescription based upon print version of record. 311 $a3-03821-512-0 320 $aIncludes bibliographical references and index. 327 $aIntroduction : Why atmospheres? / Christian Borch -- Space, place, and atmosphere : peripheral perception in existential experience / Juhani Pallasmaa -- Urban atmospheres : charting new directions for architecture and urban planning / Gernot Bo?hme -- The politics of atmospheres : architecture, power, and the senses / Christian Borch -- Atmospheres, art, architecture : a conversation between Gernot Bo?hme, Christian Borch, Olafur Eliasson, and Juhani Pallasmaa. 330 $aArchitecture is increasingly understood to be a sensual, spatial experience, which means that the experience of buildings and spatial constellations is also a perception of atmospheres that are rated as positive or negative. Architects, planners, investors, and politicians must produce effects such as these according to intersubjective and communicable criteria, and not intuitively or randomly.Architectural Atmospheres addresses the growing awareness of the atmospheric dimension of architecture and provides a current, programmatic discussion of this topic. What possibilities does this approach open to architecture, what value does this knowledge have? Three essays and a conversation lead a cross-discipline discussion on the impact of architecture, and contribute to the debate first initiated by Peter Zumthor. The texts are accompanied by thirty-five color images that capture architectural moods in a variety of ways.Gernot Böhme is Professor Emeritus of Philosophy at Darmstadt Technical University and Director of the Institute for Practical Philosophy, e.V., Ipph, in Darmstadt, Germany.Christian Borch is Professor of Political Sociology at the Department of Management, Politics, and Philosophy, Copenhagen Business School, Denmark.Olafur Eliasson is a Danish-Icelandic artist. Eliasson incessantly explores our modes of perceiving. His work spans photography, installation, sculpture, and film.Juhani Pallasmaa is one of Finland's most distinguished architects and architectural thinkers. 330 $aArchitektur wird vermehrt als ein sinnlicher Erfahrungsraum verstanden. So ist das Erleben von Bauten und Raumkonstellationen immer auch ein Wahrnehmen von positiv oder negativ gewerteten Atmosphären. Architekten, Planer, Investoren und Politiker sind darauf angewiesen, solche Wirkungen nicht intuitiv oder zufällig, sondern nach intersubjektiven und kommunizierbaren Kriterien zu erzeugen.Architectural Atmospheres greift das wachsende Bewusstsein für die atmosphärische Dimension der Architektur auf und liefert eine aktuelle, programmatische Auseinandersetzung mit diesem Themenfeld. Welche Möglichkeiten eröffnet dieser Zugang zur Architektur, wo liegt sein Erkenntniswert? Drei Essays und ein Gespräch verhandeln fächerübergreifend die Wirkungsmacht der Architektur und regen zu einer Fortsetzung der von Peter Zumthor initiierten Debatte an. Die Texte werden von rund 35 farbigen Abbildungen begleitet, die in vielfältiger Weise architektonische Stimmungen auffangen. 606 $aArchitecture 606 $aArchitecture$xPolitical aspects 615 0$aArchitecture. 615 0$aArchitecture$xPolitical aspects. 676 $a720 686 $aLH 67100$2rvk 700 $aBo?hme$b Gernot$0386480 702 $aBorch$b Christian 801 0$bMiAaPQ 801 1$bMiAaPQ 801 2$bMiAaPQ 906 $aBOOK 912 $a9910810575403321 996 $aArchitectural atmospheres$93926958 997 $aUNINA LEADER 02706oas 2200985 a 450 001 9910229185603321 005 20251105213014.0 011 $a1755-1609 035 $a(OCoLC)259370310 035 $a(CONSER) 2010250897 035 $a(CKB)111006469442728 035 $a(EXLCZ)99111006469442728 100 $a20080930a19899999 sy 101 0 $aeng 135 $aurun||||||||| 181 $ctxt$2rdacontent 182 $cc$2rdamedia 183 $acr$2rdacarrier 200 00$aAfrican journal of international and comparative law =$eRevue africaine de droit international et compare? 210 $a[London] $cAfrican Society of International and Comparative Law 210 3 $aEdinburgh $cEdinburgh University Press 300 $aRefereed/Peer-reviewed 311 08$a0954-8890 517 3 $aRevue africaine de droit international et compare? 517 1 $aRADIC 517 1 $aAfr. J. Int'l & Comp. L 606 $aLaw$zAfrica$vPeriodicals 606 $aComparative law$vPeriodicals 606 $aInternational law$vPeriodicals 606 $aDroit$zAfrique$vPe?riodiques 606 $aDroit compare?$vPe?riodiques 606 $aComparative law$2fast$3(OCoLC)fst00871350 606 $aInternational law$2fast$3(OCoLC)fst00976984 606 $aLaw$2fast$3(OCoLC)fst00993678 606 $aINTERNATIONAL LAW$2unbist 606 $aCOMPARATIVE LAW$2unbist 607 $aAfrica$2fast$1https://id.oclc.org/worldcat/entity/E39PBJkHrMyfHC67yqRTycbrv3 608 $aPeriodicals.$2fast 608 $aPeriodicals.$2lcgft 615 0$aLaw 615 0$aComparative law 615 0$aInternational law 615 6$aDroit 615 6$aDroit compare? 615 7$aComparative law. 615 7$aInternational law. 615 7$aLaw. 615 07$aINTERNATIONAL LAW. 615 07$aCOMPARATIVE LAW. 676 $a340/.2 676 $a342 712 02$aAfrican Society of International and Comparative Law 801 0$bOCLCS 801 1$bOCLCS 801 2$bOCLCS 801 2$bOCLCQ 801 2$bZSL 801 2$bBUF 801 2$bOCLCQ 801 2$bHEBIS 801 2$bAUD 801 2$bDOS 801 2$bOCLCQ 801 2$bOCLCF 801 2$bOCLCO 801 2$bVT2 801 2$bOCLCQ 801 2$bNLE 801 2$bUKMGB 801 2$bUUM 801 2$bU3W 801 2$bYOR 801 2$bOCLCE 801 2$bUAB 801 2$bFIE 801 2$bOCLCQ 801 2$bTXQ 801 2$bOCLCL 801 2$bUEJ 801 2$bOCLCL 801 2$bOCLCQ 906 $aJOURNAL 912 $a9910229185603321 996 $aAfrican journal of international and comparative law$9801760 997 $aUNINA